01166nam a2200301Ia 4500001001200000003000800012006001900020007001500039008004100054010001700095020004300112020004000155040002100195035002100216050002300237100002900260245008100289260004300370300001500413504006600428533015200494650001500646650001600661655002900677710001700706856012600723999001500849ebr10285630CaPaEBRm u cr cn|||||||||080919s2009 mau sb 001 0 eng d z 2008041414 z9780262240567 (hardcover : alk. paper) z0262240564 (hardcover : alk. paper) aCaPaEBRcCaPaEBR a(OCoLC)64810185014aQH332b.Z95 2009eb1 aZylinska, Joanna,d1971-10aBioethics in the age of new mediah[electronic resource] /cJoanna Zylinska. aCambridge, Mass. :bMIT Press,cc2009. axv, 230 p. aIncludes bibliographical references (p. [213]-223) and index. aElectronic reproduction.bPalo Alto, Calif. :cebrary,d2009.nAvailable via World Wide Web.nAccess may be limited to ebrary affiliated libraries. 0aBioethics. 0aMass media. 7aElectronic books.2local2 aebrary, Inc.40uhttp://site.ebrary.com/lib/rucke/Doc?id=10285630zAn electronic book accessible through the World Wide Web; click to view c2022d2022